000 00884nam a2200265 c 4500
003 BLK
005 20180420222818.0
008 180408b bul|||||r ||||||| ||bul||
010 _aKNG00063001000
040 _aBLK
041 _aeng
_cENG
080 _aЛексикология. Езикови речници и разговорници. Лексикография
_b81`374
_x=20=590
_z81`374=20=590
139 _aDictionar englez-roman
_bD53E
245 1 0 _aDictionar englez-roman
260 Bucuresti
_bStiintifica
_c1965
300 _a607 с.
_c20 см
380 _a80
650 4 _aРумънски език - речници, английско-румънски
_9288583
653 _aанглийско-румънски речници
852 _aЦб 45446
856 4 _qpdf
_u
856 4 _qpdf
_u
942 _cKNG
_n0
944 _aCR
_c13.06.2004
_kЧиталня
944 _aED
_c13.06.2004
_k
999 _c58928
_d58928